00842nam a2200205 a 450000100100000000500170001000800410002702000150006804000250008308200150010810000440012324500780016725000120024526000460025730000210030350000630032495201130038795201190050099900170061900003820920201002031211.0110718s2002 dr 000 0 spa d a9993420123 aDO-SdBNPbspacBNPHU axxxxbxxxx1 aLizardo Lisardo., Luis Francisco96457110aPalma Sola :bla tragedia de un pueblo /cLuis Francisco Lizardo Lisardo. a4a. ed. aSanto Domingo :bEditora Manatí,c2002. a107 p. ;c22 cm. aIncluye datos biográficos del autor en la contracubierta 0010718PDaPDbPDcHDd2013-03-22iLF1l0oxxxx xxxxp38209-10r2020-06-25w2020-06-25yLFPDZNo se presta 0010718PDaPDbPDcHDd2013-06-20iLF1l0oxxxx xxxxp38209-20r2020-06-25te. 2w2020-06-25yLFPDZNo se presta c37699d37699